[Event "MONTCADA"]
[Site "?"]
[Date "2015.06.30"]
[Round "6.1"]
[White "Stopa, J."]
[Black "Lopez Martinez, J."]
[Result "1-0"]
[BlackElo "2536"]
[WhiteElo "2540"]
[LiveChessVersion "1.4.6"]

1. d4 {[%clk 1:30:57]} Nf6 {[%clk 1:16:55]} 2. c4 {[%clk 1:31:20]} e6
{[%clk 1:17:02]} 3. Nc3 {[%clk 1:31:42]} Bb4 {[%clk 1:17:10]} 4. f3
{[%clk 1:32:07]} O-O {[%clk 1:14:10]} 5. a3 {[%clk 1:32:33]} Bxc3+
{[%clk 1:14:35]} 6. bxc3 {[%clk 1:32:59]} Nh5 {[%clk 1:14:26]} 7. Nh3
{[%clk 1:33:23]} f5 {[%clk 1:14:50]} 8. Nf2 {[%clk 1:33:51]} d6 {[%clk 1:14:12]}
9. e4 {[%clk 1:30:56]} fxe4 {[%clk 1:11:08]} 10. fxe4 {[%clk 1:31:02]} Qe8
{[%clk 1:10:27]} 11. Be2 {[%clk 1:21:14]} Nf4 12. Bxf4 {[%clk 1:21:14]} Rxf4
{[%clk 1:10:14]} 13. O-O {[%clk 1:16:47]} Nc6 {[%clk 1:10:09]} 14. Bh5
{[%clk 1:07:14]} Qe7 {[%clk 1:08:30]} 15. Nd3 {[%clk 1:07:18]} Rxf1+
{[%clk 1:08:08]} 16. Qxf1 {[%clk 1:07:42]} Bd7 {[%clk 1:08:08]} 17. c5
{[%clk 1:00:12]} b6 {[%clk 1:01:14]} 18. cxd6 {[%clk 0:58:32]} cxd6
{[%clk 1:01:31]} 19. Qe2 {[%clk 0:52:13]} Na5 {[%clk 0:48:37]} 20. Nb4
{[%clk 0:43:38]} Rc8 {[%clk 0:46:45]} 21. Qe3 {[%clk 0:41:42]} Nc4
{[%clk 0:43:57]} 22. Qg3 {[%clk 0:42:00]} b5 {[%clk 0:39:32]} 23. Nc2
{[%clk 0:37:41]} a6 {[%clk 0:31:00]} 24. Rf1 {[%clk 0:32:34]} Rf8
{[%clk 0:30:49]} 25. Be2 {[%clk 0:30:04]} Nb6 {[%clk 0:23:01]} 26. Rxf8+
{[%clk 0:29:33]} Qxf8 {[%clk 0:18:31]} 27. Ne3 {[%clk 0:28:05]} Qb8
{[%clk 0:16:00]} 28. h4 {[%clk 0:25:28]} Qc7 {[%clk 0:15:53]} 29. Ng4
{[%clk 0:24:00]} Kh8 {[%clk 0:15:24]} 30. Qf4 {[%clk 0:23:27]} Qb8
{[%clk 0:11:25]} 31. h5 {[%clk 0:19:58]} e5 {[%clk 0:07:46]} 32. dxe5
{[%clk 0:16:03]} Bxg4 {[%clk 0:08:06]} 33. Qxg4 {[%clk 0:15:38]} dxe5
{[%clk 0:08:28]} 34. h6 {[%clk 0:16:06]} gxh6 {[%clk 0:08:17]} 35. Qe6
{[%clk 0:16:35]} Nc4 {[%clk 0:05:29]} 36. Bxc4 {[%clk 0:14:19]} bxc4
{[%clk 0:05:58]} 37. Qxc4 {[%clk 0:14:15]} Qb6+ {[%clk 0:06:11]} 38. Kh2
{[%clk 0:14:23]} Qd8 {[%clk 0:06:28]} 39. Qf7 {[%clk 0:13:33]} Qh4+
{[%clk 0:05:49]} 40. Kg1 {[%clk 0:13:54]} Qe1+ {[%clk 0:04:52]} 41. Qf1
{[%clk 0:13:18]} Qe3+ {[%clk 0:05:08]} 42. Kh2 {[%clk 0:10:45]} Kg7
{[%clk 0:04:43]} 43. Qf3 {[%clk 0:09:28]} Qg5 {[%clk 0:03:50]} 44. Qe2
{[%clk 0:08:37]} Qh4+ {[%clk 0:02:52]} 45. Kg1 {[%clk 0:09:05]} Qf4
{[%clk 0:02:54]} 46. a4 {[%clk 0:06:27]} Qc1+ {[%clk 0:02:27]} 47. Kh2
{[%clk 0:06:48]} Qxc3 {[%clk 0:01:47]} 48. Qxa6 {[%clk 0:06:38]} Qe3
{[%clk 0:01:38]} 49. Qc6 {[%clk 0:04:49]} Qf4+ {[%clk 0:01:20]} 50. Kh3
{[%clk 0:05:18]} Qe3+ {[%clk 0:00:51]} 51. g3 {[%clk 0:05:32]} Qe1
{[%clk 0:00:38]} 52. Qd7+ {[%clk 0:05:29]} Kf8 {[%clk 0:00:52]} 53. Qf5+
{[%clk 0:05:47]} Kg8 {[%clk 0:01:08]} 54. Qe6+ {[%clk 0:06:10]} Kf8
{[%clk 0:01:30]} 55. Qxh6+ {[%clk 0:06:01]} Kg8 {[%clk 0:01:34]} 56. Qg5+
{[%clk 0:04:34]} Kf7 {[%clk 0:01:51]} 57. Qh5+ {[%clk 0:04:26]} Ke6
{[%clk 0:01:08]} 58. Qh6+ {[%clk 0:04:35]} Kd7 {[%clk 0:01:27]} 59. Qxh7+
{[%clk 0:05:01]} Kc6 {[%clk 0:01:54]} 60. Qf5 {[%clk 0:03:58]} Qa1
{[%clk 0:01:11]} 61. Qe6+ {[%clk 0:03:12]} Kc5 {[%clk 0:01:02]} 62. Qd5+
{[%clk 0:03:26]} Kb4 {[%clk 0:01:31]} 63. a5 {[%clk 0:02:44]} Qf1+
{[%clk 0:01:32]} 64. Kg4 {[%clk 0:02:01]} Qe2+ {[%clk 0:01:57]} 65. Kf5
{[%clk 0:01:45]} Qf3+ {[%clk 0:01:44]} 66. Kxe5 {[%clk 0:01:44]} Qxg3+
{[%clk 0:02:11]} 67. Ke6 {[%clk 0:02:06]} Qg4+ {[%clk 0:00:57]} 68. Kd6
{[%clk 0:02:11]} Qg3+ {[%clk 0:00:33]} 69. e5 {[%clk 0:02:18]} Qf4
{[%clk 0:00:44]} 70. Kc6 {[%clk 0:01:57]} Qf1 {[%clk 0:00:40]} 71. Kb7
{[%clk 0:01:43]} Qf5 {[%clk 0:00:33]} 72. a6 {[%clk 0:01:57]} Qh7+
{[%clk 0:01:02]} 73. Kb6 {[%clk 0:02:15]} Ka4 {[%clk 0:00:39]} 74. a7
{[%clk 0:02:00]} 1-0

[Event "MONTCADA"]
[Site "?"]
[Date "2015.06.30"]
[Round "6.2"]
[White "Peralta, F."]
[Black "Asis Gargatagli, H."]
[Result "1/2-1/2"]
[BlackElo "2472"]
[WhiteElo "2556"]
[LiveChessVersion "1.4.6"]

1. d4 {[%clk 1:30:56]} Nf6 {[%clk 1:07:13]} 2. c4 {[%clk 1:30:46]} e6
{[%clk 1:07:26]} 3. Nc3 {[%clk 1:31:01]} Bb4 {[%clk 1:07:50]} 4. e3
{[%clk 1:31:27]} O-O {[%clk 1:08:10]} 5. a3 {[%clk 1:31:15]} Bxc3+
{[%clk 1:06:49]} 6. bxc3 {[%clk 1:31:41]} b6 {[%clk 1:00:22]} 7. Ne2
{[%clk 1:30:28]} Ba6 {[%clk 0:57:58]} 8. Ng3 {[%clk 1:30:44]} d5 {[%clk 0:56:28]}
9. Qf3 {[%clk 1:15:20]} c5 {[%clk 0:43:31]} 10. cxd5 {[%clk 0:50:52]} Bxf1
{[%clk 0:29:27]} 11. Nxf1 {[%clk 0:50:58]} Qxd5 {[%clk 0:20:57]} 12. Qxd5
{[%clk 0:47:04]} Nxd5 {[%clk 0:20:38]} 13. c4 {[%clk 0:43:27]} Nc3
{[%clk 0:18:40]} 14. dxc5 {[%clk 0:30:29]} bxc5 {[%clk 0:16:27]} 15. a4
{[%clk 0:26:37]} Rd8 {[%clk 0:13:24]} 16. Nd2 {[%clk 0:23:33]} f5
{[%clk 0:11:48]} 17. Bb2 {[%clk 0:21:08]} Ne4 {[%clk 0:12:14]} 18. Nxe4
{[%clk 0:21:31]} fxe4 {[%clk 0:12:40]} 19. Ke2 {[%clk 0:17:15]} Nc6
{[%clk 0:12:58]} 20. Rhd1 {[%clk 0:11:41]} Na5 {[%clk 0:12:20]} 21. Rac1
{[%clk 0:05:01]} Rxd1 {[%clk 0:11:56]} 22. Rxd1 {[%clk 0:05:00]} Nxc4
{[%clk 0:12:20]} 23. Ba1 {[%clk 0:05:02]} Rb8 {[%clk 0:09:05]} 24. Rd7
{[%clk 0:02:33]} e5 {[%clk 0:09:30]} 25. Rxa7 {[%clk 0:02:03]} Rb1
{[%clk 0:09:30]} 26. Bc3 {[%clk 0:02:27]} Rc1 {[%clk 0:04:21]} 27. Be1
{[%clk 0:02:41]} Rc2+ {[%clk 0:04:46]} 28. Kd1 {[%clk 0:01:51]} Ra2
{[%clk 0:05:01]} 29. a5 {[%clk 0:00:53]} Nb2+ {[%clk 0:03:17]} 30. Kc2
{[%clk 0:01:01]} Nd3+ {[%clk 0:03:37]} 31. Kb3 {[%clk 0:00:58]} Rb2+
{[%clk 0:04:02]} 32. Kc3 {[%clk 0:00:31]} Ra2 {[%clk 0:04:17]} 33. Kb3
{[%clk 0:00:43]} Rb2+ {[%clk 0:04:41]} 34. Kc3 {[%clk 0:01:10]} Ra2 35. Kb3
1/2-1/2

[Event "MONTCADA"]
[Site "?"]
[Date "2015.06.30"]
[Round "6.3"]
[White "Narciso Dublan, M."]
[Black "Thejkumar, M."]
[Result "1/2-1/2"]
[BlackElo "2461"]
[WhiteElo "2532"]
[LiveChessVersion "1.4.6"]

1. d4 d5 2. c4 e6 3. Nc3 Be7 4. cxd5 exd5 5. Bf4 Nf6 6. e3 O-O 7. Bd3 c5 8. dxc5
Bxc5 9. Nge2 Bd6 10. O-O Nc6 11. Bxd6 Qxd6 12. Qa4 Ng4 13. Qf4 Qxf4 14. Nxf4 d4
15. exd4 Nxd4 16. Ncd5 Nc6 17. Rfd1 Nge5 18. Be4 Bd7 19. b4 Rfd8 20. b5 Na5 21.
b6 axb6 22. Nxb6 Rab8 23. Nxd7 Rxd7 24. Rxd7 Nxd7 25. h4 Nf6 26. Bf3 b5 27. Rc1
b4 28. Nd5 b3 29. axb3 Nxb3 30. Nxf6+ gxf6 31. Rc7 Nd4 32. Bh5 Rf8 33. Kh2 Ne6
34. Ra7 Nf4 35. Bf3 Rd8 36. g3 1/2-1/2

[Event "MONTCADA"]
[Site "?"]
[Date "2015.06.30"]
[Round "6.4"]
[White "Cruz, J."]
[Black "Alonso Rosell, A."]
[Result "0-1"]
[BlackElo "2528"]
[WhiteElo "2453"]
[LiveChessVersion "1.4.6"]

1. c4 {[%clk 1:24:02]} e6 {[%clk 1:19:18]} 2. Nf3 {[%clk 1:24:04]} d5
{[%clk 1:19:43]} 3. b3 {[%clk 1:23:28]} d4 {[%clk 1:16:56]} 4. e3
{[%clk 1:09:26]} c5 {[%clk 1:17:10]} 5. exd4 {[%clk 1:04:33]} cxd4
{[%clk 1:14:26]} 6. g3 {[%clk 1:04:40]} Nc6 {[%clk 1:14:14]} 7. Bg2
{[%clk 1:04:52]} Nf6 {[%clk 1:14:24]} 8. O-O {[%clk 1:04:20]} Bd6
{[%clk 1:13:03]} 9. Bb2 {[%clk 0:56:46]} e5 {[%clk 1:11:39]} 10. b4
{[%clk 0:52:49]} Nxb4 {[%clk 0:52:45]} 11. Nxe5 {[%clk 0:48:55]} Bxe5
{[%clk 0:52:35]} 12. Ba3 {[%clk 0:42:29]} Qa5 {[%clk 0:45:41]} 13. Qb3
{[%clk 0:26:05]} Bd6 {[%clk 0:43:24]} 14. Re1+ {[%clk 0:25:33]} Be6
{[%clk 0:43:18]} 15. f4 {[%clk 0:16:28]} O-O {[%clk 0:41:16]} 16. Re5
{[%clk 0:15:05]} Bxe5 {[%clk 0:37:15]} 17. Bxb4 {[%clk 0:15:18]} Qc7
{[%clk 0:37:19]} 18. Bxf8 {[%clk 0:14:25]} Rxf8 {[%clk 0:37:43]} 19. fxe5
{[%clk 0:14:31]} Qxe5 {[%clk 0:38:10]} 20. Na3 {[%clk 0:14:37]} d3
{[%clk 0:30:53]} 21. Rf1 {[%clk 0:14:00]} Qd4+ {[%clk 0:30:41]} 22. Kh1
{[%clk 0:14:24]} Ne4 {[%clk 0:30:44]} 0-1

[Event "MONTCADA"]
[Site "?"]
[Date "2015.06.30"]
[Round "6.5"]
[White "Del Rio De Angelis, S."]
[Black "Perpinya Rofes, L."]
[Result "1-0"]
[BlackElo "2398"]
[WhiteElo "2498"]
[LiveChessVersion "1.4.6"]

1. d4 {[%clk 1:30:47]} Nf6 {[%clk 1:27:05]} 2. c4 {[%clk 1:31:02]} g6
{[%clk 1:27:22]} 3. Nc3 {[%clk 1:31:16]} Bg7 {[%clk 1:27:43]} 4. e4
{[%clk 1:31:36]} d6 {[%clk 1:28:03]} 5. Nf3 {[%clk 1:31:52]} O-O {[%clk 1:28:22]}
6. h3 {[%clk 1:32:08]} e5 {[%clk 1:25:54]} 7. d5 {[%clk 1:32:24]} Nh5
{[%clk 1:25:10]} 8. g3 {[%clk 1:32:28]} Na6 {[%clk 1:07:42]} 9. Be3
{[%clk 1:30:44]} f5 {[%clk 1:04:24]} 10. exf5 {[%clk 1:30:46]} gxf5
{[%clk 1:04:17]} 11. Ng5 {[%clk 1:31:01]} Nf6 {[%clk 1:02:51]} 12. Qd2
{[%clk 1:30:32]} Qe7 {[%clk 0:52:54]} 13. O-O-O {[%clk 1:28:25]} h6
{[%clk 0:45:30]} 14. Nf3 {[%clk 1:25:40]} Nc5 {[%clk 0:39:42]} 15. Rg1
{[%clk 1:10:28]} Nfe4 {[%clk 0:23:57]} 16. Nxe4 {[%clk 1:10:22]} Nxe4
{[%clk 0:24:23]} 17. Qc2 {[%clk 1:10:40]} c6 {[%clk 0:20:31]} 18. g4
{[%clk 1:01:04]} cxd5 {[%clk 0:14:48]} 19. gxf5 {[%clk 0:57:49]} Bxf5
{[%clk 0:10:14]} 20. Bxh6 {[%clk 0:58:04]} Rf7 {[%clk 0:10:09]} 21. Rxd5
{[%clk 0:48:07]} Ng3 {[%clk 0:06:18]} 22. Bd3 {[%clk 0:48:19]} Bxd3
{[%clk 0:05:34]} 23. Qxd3 {[%clk 0:44:57]} e4 {[%clk 0:04:46]} 24. Qd2
{[%clk 0:44:11]} exf3 {[%clk 0:01:35]} 25. Rxg3 {[%clk 0:44:23]} Qe2
{[%clk 0:00:41]} 26. Qxe2 {[%clk 0:42:45]} fxe2 {[%clk 0:01:02]} 27. Kd2
{[%clk 0:43:07]} Re8 {[%clk 0:00:55]} 28. Ke1 {[%clk 0:43:30]} Re6
{[%clk 0:00:46]} 29. Bxg7 {[%clk 0:42:48]} Rxg7 {[%clk 0:00:59]} 30. Rdd3
{[%clk 0:42:28]} Kf7 {[%clk 0:00:44]} 31. Rdf3+ {[%clk 0:42:45]} 1-0

[Event "MONTCADA"]
[Site "?"]
[Date "2015.06.30"]
[Round "6.6"]
[White "Aloma Vidal, R."]
[Black "Buscara, S."]
[Result "0-1"]
[BlackElo "2366"]
[WhiteElo "2451"]
[LiveChessVersion "1.4.6"]

1. d4 {[%clk 1:27:16]} g6 {[%clk 1:30:18]} 2. Nf3 {[%clk 1:23:51]} Bg7
{[%clk 1:30:32]} 3. g3 {[%clk 1:24:13]} c5 {[%clk 1:30:05]} 4. c3
{[%clk 1:22:53]} Na6 {[%clk 1:28:20]} 5. Bg2 {[%clk 1:21:23]} Nf6
{[%clk 1:26:52]} 6. O-O {[%clk 1:21:09]} O-O {[%clk 1:27:06]} 7. dxc5
{[%clk 1:14:12]} Nxc5 {[%clk 1:26:25]} 8. Be3 {[%clk 1:14:36]} b6
{[%clk 1:17:14]} 9. Nbd2 {[%clk 1:07:51]} Bb7 {[%clk 1:15:01]} 10. Nb3
{[%clk 1:08:03]} Qc7 {[%clk 1:09:09]} 11. Qc1 {[%clk 1:03:11]} Rfe8
{[%clk 0:51:55]} 12. Bh6 {[%clk 1:00:04]} Bh8 {[%clk 0:49:29]} 13. Nxc5
{[%clk 0:35:35]} bxc5 {[%clk 0:45:40]} 14. Qg5 {[%clk 0:35:31]} Rab8
{[%clk 0:43:21]} 15. h4 {[%clk 0:23:31]} Ba8 {[%clk 0:36:24]} 16. Qc1
{[%clk 0:18:38]} Qb6 {[%clk 0:35:02]} 17. b3 {[%clk 0:19:02]} Ne4
{[%clk 0:34:45]} 18. c4 {[%clk 0:14:44]} Bxa1 {[%clk 0:31:16]} 19. Qxa1
{[%clk 0:15:08]} Qf6 {[%clk 0:31:11]} 20. Qc1 {[%clk 0:14:08]} a5
{[%clk 0:27:57]} 21. Nh2 {[%clk 0:10:27]} Qd4 {[%clk 0:16:24]} 22. Be3
{[%clk 0:08:49]} Qc3 {[%clk 0:12:19]} 23. Qd1 {[%clk 0:07:41]} d6
{[%clk 0:11:30]} 24. Ng4 {[%clk 0:07:21]} h5 {[%clk 0:11:23]} 25. Nh6+
{[%clk 0:07:11]} Kg7 {[%clk 0:11:35]} 26. Bxe4 {[%clk 0:05:04]} Bxe4
{[%clk 0:11:43]} 27. Bd2 {[%clk 0:04:58]} Qf6 {[%clk 0:10:59]} 28. Qc1
{[%clk 0:03:09]} Qe6 {[%clk 0:10:54]} 29. f3 {[%clk 0:01:21]} Bc6
{[%clk 0:10:50]} 30. Kf2 {[%clk 0:01:29]} Rh8 {[%clk 0:09:39]} 31. Rg1
{[%clk 0:01:49]} a4 {[%clk 0:07:26]} 32. bxa4 {[%clk 0:02:07]} Rb4
{[%clk 0:07:28]} 33. g4 {[%clk 0:02:09]} Qxc4 {[%clk 0:06:22]} 34. Bxb4
{[%clk 0:00:37]} Qxb4 {[%clk 0:06:01]} 35. Qa1+ {[%clk 0:00:39]} e5
{[%clk 0:05:33]} 36. g5 {[%clk 0:00:37]} Qxh4+ {[%clk 0:05:44]} 37. Rg3
{[%clk 0:00:42]} Qd4+ {[%clk 0:05:22]} 38. Qxd4 {[%clk 0:01:11]} exd4
{[%clk 0:02:52]} 39. f4 {[%clk 0:01:39]} c4 {[%clk 0:02:36]} 40. f5
{[%clk 0:01:53]} Rb8 {[%clk 0:02:15]} 41. e3 {[%clk 0:01:02]} d3 {[%clk 0:02:22]}
42. e4 {[%clk 0:01:24]} Bxe4 {[%clk 0:02:10]} 43. f6+ {[%clk 0:01:50]} Kf8
{[%clk 0:02:13]} 44. Ke3 {[%clk 0:02:14]} c3 {[%clk 0:01:11]} 45. Kxe4
{[%clk 0:02:03]} c2 {[%clk 0:01:29]} 0-1

[Event "MONTCADA"]
[Site "?"]
[Date "2015.06.30"]
[Round "6.7"]
[White "Swapnil, S."]
[Black "Satyapragyan, S."]
[Result "1-0"]
[BlackElo "2392"]
[WhiteElo "2453"]
[LiveChessVersion "1.4.6"]

1. d4 {[%clk 1:27:40]} Nf6 {[%clk 1:30:29]} 2. c4 {[%clk 1:28:00]} e6
{[%clk 1:30:54]} 3. Nf3 {[%clk 1:28:24]} Bb4+ {[%clk 1:30:54]} 4. Nbd2
{[%clk 1:28:47]} d5 {[%clk 1:31:13]} 5. Qa4+ {[%clk 1:28:36]} Nc6
{[%clk 1:31:35]} 6. a3 {[%clk 1:29:04]} Bxd2+ {[%clk 1:30:49]} 7. Bxd2
{[%clk 1:29:33]} Ne4 {[%clk 1:28:06]} 8. e3 {[%clk 1:28:42]} O-O {[%clk 1:28:28]}
9. Qc2 {[%clk 1:22:56]} f5 {[%clk 1:21:23]} 10. b4 {[%clk 1:17:55]} a6
{[%clk 1:16:56]} 11. Be2 {[%clk 1:11:23]} Bd7 {[%clk 1:15:28]} 12. O-O
{[%clk 1:08:29]} Be8 {[%clk 1:15:18]} 13. b5 {[%clk 1:01:13]} axb5
{[%clk 1:14:06]} 14. cxb5 {[%clk 1:00:52]} Nxd2 {[%clk 1:11:03]} 15. Nxd2
{[%clk 0:48:19]} Na5 {[%clk 1:05:06]} 16. Rab1 {[%clk 0:33:58]} b6
{[%clk 0:58:37]} 17. Rfc1 {[%clk 0:26:44]} Ra7 {[%clk 0:53:54]} 18. Nf3
{[%clk 0:24:01]} Qd6 {[%clk 0:47:53]} 19. a4 {[%clk 0:24:23]} Bh5
{[%clk 0:41:52]} 20. Ne5 {[%clk 0:24:44]} Bxe2 {[%clk 0:41:57]} 21. Qxe2
{[%clk 0:25:12]} Rfa8 {[%clk 0:32:34]} 22. Qc2 {[%clk 0:17:29]} Nc4
{[%clk 0:24:13]} 23. Nxc4 {[%clk 0:17:38]} dxc4 {[%clk 0:24:40]} 24. Qxc4
{[%clk 0:14:53]} Rxa4 {[%clk 0:24:44]} 25. Qxc7 {[%clk 0:15:21]} Qxc7
{[%clk 0:25:06]} 26. Rxc7 {[%clk 0:15:50]} Ra1 {[%clk 0:24:23]} 27. Rf1
{[%clk 0:14:39]} R1a5 {[%clk 0:17:39]} 28. Re7 {[%clk 0:15:07]} Rxb5
{[%clk 0:17:37]} 29. Rxe6 {[%clk 0:13:07]} Ra2 {[%clk 0:13:58]} 30. g3
{[%clk 0:13:24]} Rbb2 {[%clk 0:13:03]} 31. Re5 {[%clk 0:13:53]} g6
{[%clk 0:07:29]} 32. Re7 {[%clk 0:13:20]} b5 {[%clk 0:07:40]} 33. Rb7
{[%clk 0:11:23]} Rc2 {[%clk 0:07:04]} 34. Rxb5 {[%clk 0:10:46]} Kg7
{[%clk 0:07:30]} 35. Rb7+ {[%clk 0:11:12]} Kh6 {[%clk 0:07:54]} 36. Kg2
{[%clk 0:10:24]} Rd2 {[%clk 0:08:20]} 37. Rf7 {[%clk 0:10:28]} Ra3
{[%clk 0:08:19]} 38. Kf3 {[%clk 0:10:53]} Rxd4 {[%clk 0:06:23]} 39. Rb1
{[%clk 0:11:11]} Rd8 {[%clk 0:06:46]} 40. Rbb7 {[%clk 0:11:36]} Rh8
{[%clk 0:07:08]} 41. h3 {[%clk 0:11:25]} Ra4 {[%clk 0:04:53]} 42. Rfc7
{[%clk 0:05:07]} Ra5 {[%clk 0:05:02]} 43. g4 {[%clk 0:05:24]} fxg4+
{[%clk 0:04:39]} 44. hxg4 {[%clk 0:05:53]} Ra2 {[%clk 0:04:37]} 45. Kg3
{[%clk 0:06:21]} Ra1 {[%clk 0:04:47]} 46. f4 {[%clk 0:06:15]} Rg1+
{[%clk 0:04:29]} 47. Kf3 {[%clk 0:06:44]} Rf1+ {[%clk 0:04:49]} 48. Ke2
{[%clk 0:05:53]} Ra1 {[%clk 0:04:52]} 49. Kf3 {[%clk 0:03:52]} Rf1+
{[%clk 0:05:06]} 50. Ke2 {[%clk 0:04:20]} Ra1 {[%clk 0:05:21]} 51. g5+
{[%clk 0:04:39]} Kh5 {[%clk 0:05:50]} 52. Rxh7+ {[%clk 0:05:04]} Rxh7
{[%clk 0:06:17]} 53. Rxh7+ {[%clk 0:05:29]} Kg4 {[%clk 0:06:45]} 54. Rg7
{[%clk 0:04:01]} Ra2+ {[%clk 0:05:10]} 55. Kd3 {[%clk 0:04:30]} Ra3+
{[%clk 0:05:32]} 56. Ke4 {[%clk 0:04:50]} Ra4+ {[%clk 0:05:50]} 57. Ke5
{[%clk 0:04:12]} Ra3 {[%clk 0:06:16]} 58. Ke4 {[%clk 0:04:29]} Ra4+
{[%clk 0:06:41]} 59. Kd5 {[%clk 0:04:16]} Ra5+ {[%clk 0:07:07]} 60. Kc4
{[%clk 0:02:07]} Ra4+ {[%clk 0:07:32]} 61. Kc5 {[%clk 0:02:09]} Ra5+
{[%clk 0:06:14]} 62. Kb4 {[%clk 0:02:01]} Ra6 {[%clk 0:06:39]} 63. Re7
{[%clk 0:02:27]} 1-0

[Event "MONTCADA"]
[Site "?"]
[Date "2015.06.30"]
[Round "6.8"]
[White "Gomez Jurado, L."]
[Black "Sundararajan, K."]
[Result "0-1"]
[BlackElo "2427"]
[WhiteElo "2312"]
[LiveChessVersion "1.4.6"]

1. c4 {[%clk 1:30:56]} e5 {[%clk 1:30:53]} 2. g3 {[%clk 1:31:15]} d6
{[%clk 1:31:16]} 3. Bg2 {[%clk 1:29:18]} Nc6 {[%clk 1:31:37]} 4. Nc3
{[%clk 1:29:22]} Be6 {[%clk 1:32:00]} 5. d3 {[%clk 1:24:10]} Qd7 {[%clk 1:32:20]}
6. Rb1 {[%clk 1:20:44]} g6 {[%clk 1:32:11]} 7. b4 {[%clk 1:20:36]} Bg7
{[%clk 1:32:34]} 8. b5 {[%clk 1:20:02]} Nd8 {[%clk 1:32:57]} 9. e4
{[%clk 1:18:22]} Ne7 {[%clk 1:32:05]} 10. Nge2 {[%clk 1:17:11]} Bh3
{[%clk 1:31:47]} 11. O-O {[%clk 1:17:32]} Bxg2 {[%clk 1:27:14]} 12. Kxg2
{[%clk 1:13:37]} O-O {[%clk 1:27:24]} 13. d4 {[%clk 1:08:15]} exd4
{[%clk 1:24:21]} 14. Nxd4 {[%clk 1:08:33]} Ne6 {[%clk 1:23:32]} 15. Be3
{[%clk 1:06:47]} a6 {[%clk 1:11:57]} 16. bxa6 {[%clk 1:03:02]} b6
{[%clk 1:08:59]} 17. Nd5 {[%clk 0:56:43]} Rxa6 {[%clk 1:05:26]} 18. Nxe6
{[%clk 0:45:56]} fxe6 {[%clk 1:05:41]} 19. Nb4 {[%clk 0:33:05]} Ra5
{[%clk 1:04:23]} 20. Qe2 {[%clk 0:25:02]} Nc6 {[%clk 1:01:04]} 21. Nd3
{[%clk 0:21:50]} Rfa8 {[%clk 0:56:53]} 22. Nc1 {[%clk 0:22:12]} Ra4
{[%clk 0:55:34]} 23. h4 {[%clk 0:14:31]} Ne5 {[%clk 0:53:47]} 24. c5
{[%clk 0:14:22]} bxc5 {[%clk 0:52:19]} 25. f3 {[%clk 0:13:48]} Nc6
{[%clk 0:49:11]} 26. Rd1 {[%clk 0:13:17]} Qf7 {[%clk 0:46:54]} 27. Qb5
{[%clk 0:09:19]} Nb4 {[%clk 0:44:26]} 28. Rd2 {[%clk 0:09:03]} R4a5
{[%clk 0:40:21]} 29. Qc4 {[%clk 0:07:56]} d5 {[%clk 0:31:23]} 30. exd5
{[%clk 0:08:21]} exd5 {[%clk 0:31:40]} 31. Qg4 {[%clk 0:08:36]} d4
{[%clk 0:28:41]} 32. Bf2 {[%clk 0:09:00]} Qf5 {[%clk 0:22:55]} 33. Qxf5
{[%clk 0:08:26]} gxf5 {[%clk 0:23:20]} 34. Nb3 {[%clk 0:08:08]} Rxa2
{[%clk 0:19:48]} 35. Rxa2 {[%clk 0:07:04]} Rxa2 {[%clk 0:19:43]} 36. Nxc5
{[%clk 0:07:27]} Bf8 {[%clk 0:18:47]} 37. Rxb4 {[%clk 0:07:05]} Bxc5
{[%clk 0:18:58]} 38. Rb5 {[%clk 0:06:00]} Rc2 {[%clk 0:13:34]} 39. Kf1
{[%clk 0:06:07]} Kf7 {[%clk 0:11:46]} 40. Ke1 {[%clk 0:05:19]} Ke6
{[%clk 0:11:40]} 41. g4 {[%clk 0:04:50]} f4 {[%clk 0:07:19]} 42. g5
{[%clk 0:04:29]} Bb6 {[%clk 0:06:45]} 43. h5 {[%clk 0:04:30]} Rc1+
{[%clk 0:05:42]} 44. Kd2 {[%clk 0:04:37]} Rf1 {[%clk 0:05:09]} 45. Ke2
{[%clk 0:03:46]} Rh1 {[%clk 0:05:31]} 46. Kd3 {[%clk 0:02:45]} Rxh5
{[%clk 0:04:06]} 47. Bxd4 {[%clk 0:02:41]} Bxd4 {[%clk 0:03:49]} 48. Kxd4
{[%clk 0:03:05]} h6 {[%clk 0:04:07]} 49. Rb7 {[%clk 0:02:29]} hxg5
{[%clk 0:04:12]} 50. Rxc7 {[%clk 0:02:48]} Rh1 {[%clk 0:04:19]} 51. Rc6+
{[%clk 0:03:11]} Kf5 {[%clk 0:04:41]} 52. Rc5+ {[%clk 0:03:31]} Kg6
{[%clk 0:05:05]} 53. Rc6+ {[%clk 0:03:37]} Kh5 {[%clk 0:05:29]} 54. Ke4
{[%clk 0:03:45]} Ra1 {[%clk 0:03:35]} 55. Rc2 {[%clk 0:01:53]} Kh4
{[%clk 0:02:17]} 56. Rg2 {[%clk 0:02:02]} Ra4+ {[%clk 0:02:04]} 57. Kf5
{[%clk 0:02:21]} Ra5+ {[%clk 0:02:22]} 58. Ke4 {[%clk 0:01:52]} Kh5
{[%clk 0:02:20]} 59. Rb2 {[%clk 0:01:36]} Ra8 {[%clk 0:02:04]} 60. Kf5
{[%clk 0:01:54]} Rf8+ {[%clk 0:02:28]} 61. Ke4 {[%clk 0:02:08]} Kg6
{[%clk 0:02:03]} 62. Rb6+ {[%clk 0:01:54]} Rf6 {[%clk 0:02:32]} 63. Rb3
{[%clk 0:02:09]} Re6+ {[%clk 0:02:43]} 64. Kd4 {[%clk 0:02:34]} Kh5
{[%clk 0:02:18]} 65. Rb1 {[%clk 0:02:22]} Kh4 {[%clk 0:01:52]} 66. Kd5
{[%clk 0:01:31]} Re3 {[%clk 0:02:11]} 67. Rh1+ {[%clk 0:01:05]} Kg3
{[%clk 0:02:33]} 68. Rg1+ {[%clk 0:01:25]} Kxf3 {[%clk 0:02:58]} 69. Rxg5
{[%clk 0:01:53]} Re8 {[%clk 0:03:12]} 70. Kd4 {[%clk 0:02:17]} Rd8+
{[%clk 0:02:48]} 71. Kc3 {[%clk 0:02:44]} Kf2 {[%clk 0:03:08]} 72. Kd4 0-1